Statistics for Biggest Cities in Sierra Leone

Click here to take the quiz!

General Stats

  • This quiz has been taken 49 times
    (7 since last reset)
  • The average score is 4 of 10

Answer Stats

PopulationCity% Correct
149,957Bo
100%
772,873Freetown
83%
128,402Kenema
67%
80,840Makeni
33%
82,899Koidu
17%
34,079Waterloo
17%
21,961Port Loko
17%
19,209Goderich
17%
17,899Daru
17%
16,567Lunsar
17%

Score Distribution

Percentile by Number Answered

Percent of People with Each Score

Your Score History

You have not taken this quiz since the last reset